Online
Catalog

Estudios de lenguaje infantil / (Record no. 11452)

MARC details
000 -CABECERA
campo de control de longitud fija 00891cam a2200253 a 4500
001 - NÚMERO DE CONTROL
campo de control 000011778
005 - FECHA Y HORA DE LA ÚLTIMA TRANSACCIÓN
campo de control 20200929162548.0
008 - DATOS DE LONGITUD FIJA--INFORMACIÓN GENERAL
campo de control de longitud fija 760311s1972 sp b 001 0 spa
015 ## - NÚMERO DE BIBLIOGRAFÍA NACIONAL
Número de bibliografía nacional Sp72-July/Aug
040 ## - FUENTE DE LA CATALOGACIÓN
Centro catalogador/agencia de origen DO-SdBNP
Lengua de catalogación spa
Centro/agencia transcriptor DLC
Centro/agencia modificador BNPHU
082 ## - NÚMERO DE LA CLASIFICACIÓN DECIMAL DEWEY
Número de clasificación 372.6
Número de documento/Ítem G474e
049 ## - FONDOS LOCALES (OCLC)
Fondos de biblioteca BNGR
100 1# - ENTRADA PRINCIPAL--NOMBRE DE PERSONA
Nombre de persona Gili Gaya, Samuel.
Fechas asociadas al nombre 1892-1976
9 (RLIN) 27860
245 10 - MENCIÓN DE TÍTULO
Título Estudios de lenguaje infantil /
Mención de responsabilidad, etc. Samuel Gili Gaya.
260 ## - PUBLICACIÓN, DISTRIBUCIÓN, ETC.
Lugar de publicación, distribución, etc. Barcelona, (España) :
Nombre del editor, distribuidor, etc. Bibliograf.,
Fecha de publicación, distribución, etc. 1972.
300 ## - DESCRIPCIÓN FÍSICA
Extensión 170 p. ;
Dimensiones 23 cm.
500 ## - NOTA GENERAL
Nota general Libro conmemorativo del año internacional del libro.
500 ## - NOTA GENERAL
Nota general A la cabeza del título: Vox.
500 ## - NOTA GENERAL
Nota general Nombre del autor en T.P.: Samuel Gili Gaya.
504 ## - NOTA DE BIBLIOGRAFÍA, ETC.
Nota de bibliografía, etc. Incluye referencias bibliográficas: p. [173] -174.
650 #4 - PUNTO DE ACCESO ADICIONAL DE MATERIA--TÉRMINO DE MATERIA
Término de materia o nombre geográfico como elemento de entrada Lenguaje de los niños.
9 (RLIN) 27861
650 #4 - PUNTO DE ACCESO ADICIONAL DE MATERIA--TÉRMINO DE MATERIA
Término de materia o nombre geográfico como elemento de entrada Comunicación interpersonal en niños
9 (RLIN) 27862
910 ## - DATOS DE OPCIÓN DEL USUARIO (OCLC)
Datos de opción del usuario Catalogación por copia / LC
Holdings
Estado de retiro Estado de pérdida Restricciones de uso No para préstamo Código de colección Localización permanente Ubicación/localización actual Ubicación en estantería Fecha de adquisición Número de inventario Total de préstamos Signatura topográfica completa Código de barras Fecha visto por última vez Precio válido a partir de Tipo de ítem Koha
        Monografías: Libros y Folletos General General En catalogación 27.10.2009 LF1   372.6 G474e 11778-10 25.06.2020 25.06.2020 Préstamo en sala

Powered by Koha